[Event "Wch Blitz (Women)"]
[Site "Samarkand"]
[Date "2023.12.29"]
[Round "9"]
[White "Zhunusbekova, Aymunzhok"]
[Black "Khamrakulova, Iroda"]
[Result "1-0"]
[WhiteElo "1527"]
[BlackElo "2132"]
[PlyCount "41"]
[EventDate "2023.12.29"]
[EventType "swiss (blitz)"]
[EventRounds "17"]
[EventCountry "UZB"]
[SourceTitle "CB01_2024"]
[SourceDate "2024.01.03"]
[SourceVersion "1"]
[SourceVersionDate "2024.01.03"]
[SourceQuality "1"]

1. e4 g6 2. Nf3 Bg7 3. d4 d6 4. Bd3 Nf6 5. 0-0 0-0 6. h3 c5 7. c3 b6 8. d5 Ba6 9. Bg5 Bxd3 10. Qxd3 Nbd7 11. Nbd2 a6 12. Qe3 b5 13. Nh2 Nb6 14. f4 Qc7 15. f5 Rae8 16. Bh6 Nfd7 17. Ng4 b4 18. Bxg7 Kxg7 19. Nf3 Rh8 20. Qh6+ Kg8 21. Ng5 1-0

[Event "KGZ-ch (Women)"]
[Site "Bishkek"]
[Date "2023.05.03"]
[Round "6"]
[White "Zhunusbekova, Aymunzhok"]
[Black "Abdurahmanova, Ramina"]
[Result "1-0"]
[WhiteElo "1577"]
[BlackElo "1239"]
[PlyCount "65"]
[EventDate "2023.04.28"]
[EventType "tourn"]
[EventRounds "11"]
[EventCountry "KGZ"]
[SourceTitle "CBM 214 Extra"]
[Source "ChessBase"]
[SourceDate "2023.07.31"]
[SourceVersion "1"]
[SourceVersionDate "2023.07.31"]
[SourceQuality "1"]

1. e4 c6 2. d4 d5 3. f3 dxe4 4. fxe4 e5 5. Nf3 Be6 6. Be2 Nd7 7. c3 Ngf6 8. Ng5 h6 9. Nxe6 fxe6 10. Bh5+ Ke7 11. b3 Qc7 12. Nd2 Kd8 13. Bf3 Kc8 14. Nc4 Be7 15. a4 Rf8 16. a5 Nh7 17. a6 b6 18. 0-0 exd4 19. cxd4 e5 20. d5 Bc5+ 21. Be3 Bxe3+ 22. Nxe3 c5 23. Nf5 Ndf6 24. b4 c4 25. d6 Qd7 26. Qe2 b5 27. Qe3 Kd8 28. h4 Rf7 29. Qc5 Rc8 30. Qxe5 Nf8 31. Nxg7 N6h7 32. Bg4 Rxf1+ 33. Rxf1 1-0

[Event "KGZ-ch FL (Women)"]
[Site "Bishkek"]
[Date "2021.02.06"]
[Round "4"]
[White "Zhunusbekova, Aymunzhok"]
[Black "Sezdbekova, Aizhan"]
[Result "1/2-1/2"]
[WhiteElo "1210"]
[BlackElo "1442"]
[PlyCount "148"]
[EventDate "2021.02.03"]
[EventType "swiss"]
[EventRounds "7"]
[EventCountry "KGZ"]
[SourceTitle "EXT 2022"]
[Source "ChessBase"]
[SourceDate "2021.10.06"]
[SourceVersion "1"]
[SourceVersionDate "2021.10.06"]
[SourceQuality "1"]

1. e4 e5 2. Nf3 Nc6 3. Bb5 a6 4. Ba4 f5 5. d3 d6 6. Nc3 Nf6 7. Bg5 Be7 8. Qd2 h6 9. Bxf6 Bxf6 10. Nd5 Be6 11. Qc3 fxe4 12. dxe4 Bd7 13. h3 0-0 14. Bb3 Kh7 15. Nh2 Nd4 16. Qd3 Bb5 17. c4 Bd7 18. 0-0 c6 19. Ne3 Bh4 20. Nc2 Nxc2 21. Bxc2 Be7 22. Bd1 Qb6 23. Bg4 Bxg4 24. Nxg4 Rad8 25. a3 Bg5 26. g3 Rf7 27. h4 Be7 28. b4 Rdf8 29. c5 Qc7 30. cxd6 Qxd6 31. Rad1 Qe6 32. Qd7 Qxd7 33. Rxd7 Bf6 34. Rfd1 h5 35. Nxf6+ Rxf6 36. R1d2 R6f7 37. Rd8 Rxd8 38. Rxd8 Re7 39. Rd6 Kg8 40. Kg2 Kf7 41. Kf3 Rc7 42. Ke3 Ke7 43. Rg6 Kf7 44. Rg5 Kf6 45. Rf5+ Ke6 46. Rxh5 c5 47. f4 exf4+ 48. gxf4 cxb4 49. axb4 Rc4 50. b5 a5 51. b6 a4 52. Ra5 Kd6 53. e5+ Kc6 54. e6 Kd6 55. Re5 Ke7 56. h5 Rb4 57. Rg5 Kxe6 58. Rxg7 a3 59. Rxb7 Ra4 60. Ra7 Rb4 61. Rxa3 Rxb6 62. h6 Rb7 63. Kf3 Kf5 64. Ra5+ Kg6 65. Kg4 Kxh6 66. Rg5 Rb3 67. Rh5+ Kg6 68. f5+ Kf6 69. Rh6+ Kg7 70. Rg6+ Kf7 71. Rc6 Rb1 72. Kf4 Rf1+ 73. Ke5 Re1+ 74. Kd4 Rd1+ 1/2-1/2